000 00906nam a2200229 4500
001 126926
003 ES-MaACL
005 20250916063051.0
007 t|
008 070214s1955 sp r ||||1| spa d
100 1 _aRiber, Llorenç,
_d1881-1958
_996765
245 1 0 _aCentenario del fallecimiento de Don Juan Donoso Cortés, marqués de Valdegamas
_b: discursos /
_cleídos por Lorenzo Riber y Salvador Minguijón en la Junta pública conmemorativa de 23 de mayo de 1954, celebrada por el Instituto de España.
260 _aMadrid :
_b[s. n.],
_c1955 (
_fImp. Góngora)
300 _a45 p. ;
_c24 cm.
600 1 4 _aDonoso Cortés, Juan,
_d1809-1853
_945341
700 1 _aRiber, Llorenç,
_d1881-1958
_996765
700 1 _aMinguijón, Salvador.
_981356
710 2 _aInstituto de España.
_94873
852 _aES-MaACL
_j1985-F-11
852 _aES-MaACL
_j1985-F-13
999 _c126926
_d126926